| 000 | 01338cam a22003252 4500 | ||
|---|---|---|---|
| 001 | 0000025557 | ||
| 005 | 20151217154559.0 | ||
| 008 | 151026s xx 000 0 eng d | ||
| 020 | _a0421909908 : | ||
| 245 | 1 | 0 |
_aInternet Law and Regulation / _cedited by Graham J.H. Smith. |
| 250 | _a 4th ed. | ||
| 260 |
_aLondon : _bSweet & Maxwell, _c2007. |
||
| 300 | _alxxxiii, 1296 p. | ||
| 650 | 0 |
_aComputer networks _xLaw and legislation. _@0000124193 |
|
| 650 | 0 |
_aInternet. _@0000000969 |
|
| 700 | 1 |
_aGraham J. Smith. _@0000186234 |
|
| 710 | 2 |
_aBird & Bird. _@0000186235 |
|
| 852 | 1 | _9P98500KES | |
| 852 | 1 | _9P98500KES | |
| 852 | 1 | _9P98500KES | |
| 852 | 1 | _9P98500KES | |
| 852 | 1 | _9P98500KES | |
| 852 | 1 | _9P98500KES | |
| 852 | 1 | _9P98500KES | |
| 852 | 1 | _9P98500KES | |
| 852 | 1 | _9P98500KES | |
| 852 | 1 | _9P98500KES | |
| 908 | _a151026 | ||
| 950 | _@1 | ||
| 999 |
_c11803 _d11803 |
||